00538nam a2200181 a 45000010010000000030011000100080041000210350026000620820014000881000021001022450023001232600061001466500012002079420012002199520090002319980020003219990015003410000-8853ELIB.Books110520 1967  a(ELIB.Books)0000-8999 aFic bMcI aMcInnes, John A. aTime For Adventure bWest Melbourne: Thomas Newlson Australia Pty Ltd. c1967 aFiction 2ddccBK 00102ddc4070aKBTSbKBTSd2011-05-20l0p6449r2022-01-22 00:00:00w2022-01-22yBK cbate2011-05-20 c8853d8853